Statistics for Top 15 Countries with Covid-19 Cases - 9 Feb 2021

Click here to take the quiz!

General Stats

  • This quiz has been taken 19 times
  • The average score is 18 of 27

Answer Stats

country% Correct
Russia
100%
United States
100%
Brazil
94%
Germany
94%
Italy
94%
Spain
94%
United Kingdom
94%
France
89%
India
89%
Portugal
89%
Mexico
83%
Argentina
78%
Poland
78%
Colombia
72%
Belgium
67%
Iran
67%
Netherlands
67%
Turkey
67%
Sweden
61%
Czechia
56%
Switzerland
44%
Israel
39%
Slovenia
33%
Georgia
28%
Lithuania
28%
Panama
22%
Bahrain
17%

Score Distribution

Percentile by Number Answered

Percent of People with Each Score

Your Score History

You have not taken this quiz